000 00464nab a2200145Ia 4500
003 ES-SlBCS
005 20210601134157.0
008 140529s2005 xxu||||| |||| 00| 0 spa d
041 _aspa
100 1 _aMarigil, Miguel A.
_9214732
245 0 0 _aLa medicina, una profesión de riesgo y con riesgo, o el médico sostenible
_c Miguel A. Marigil
650 0 4 _aMedicina
_914377
773 0 _tAcontecimiento
_gvol. 21, nº. 74, 2005, págs. 54-58
_wRev1000
942 _cAR
999 _c608539
_d608539